000 00983nam a22001937a 4500
008 090712t xxu||||| |||| 00| 0 eng d
020 _a9780521754507
082 _222
_a428.24071
_bSWE TR
100 _97788
_aSweeney, Simon.
245 _aEnglish for Business Communication :
_bA modular short course on socialising, telephoning, presentations, meetings, negotiations. Teacher's book /
_cSimon Sweeney.
250 _a2nd ed.
260 _aCambridge :
_b Cambridge University Press, 2003
_c2003.
300 _a121 p. :
_bill. (chiefly col.) ;
_c28 cm.
500 _aPrevious ed.: 1997.
650 _914521
_aEnglish language
_vProblems, exercises, etc.
_xBusiness English
650 _97783
_aEnglish language
_xBusiness English -- Study and teaching.
942 _2ddc
_cBB
999 _c12327
_d12327